Programa especial para el fomento de la cultura democrática : ...porqué la democracia la construimos todos. Plan Nacional de Desarrollo 2001-2006.

Guardat en:
Dades bibliogràfiques
Autor corporatiu: México, Secretaría de Educación Pública. Subsecretaría de Educación e Investigación Tecnológicas Poder Ejecutivo Federal
Format: Llibre
Idioma:espanyol
Matèries:
Etiquetes: Afegir etiqueta
Sense etiquetes, Sigues el primer a etiquetar aquest registre!

MARC

LEADER 00000cam^a2200000uu^4500
001 000493278
005 20250521000000.0
008 030407s2001^^^^^^^^^^^^rd^r^^000^0^spa^d
009 20260310125459.602
022 |a 9706286209 
035 |a FCE 000036653 
035 |a FCE 036698 
037 |a Acervo ITESO - Biblioteca 
041 |a spa 
082 0 4 |a 323.042  |b MEXp 
110 |a México, Secretaría de Educación Pública. Subsecretaría de Educación e Investigación Tecnológicas  |b Poder Ejecutivo Federal 
245 1 0 |a Programa especial para el fomento de la cultura democrática :  |b ...porqué la democracia la construimos todos. Plan Nacional de Desarrollo 2001-2006. 
264 |a México :  |b Poder Ejecutivo Federal,  |c 2001. 
300 |a 193 p. 
336 |a texto  |b txt  |2 rdacontenido 
337 |a sin mediación  |b n  |2 rdamedio 
338 |a volumen  |b nc  |2 rdasoporte 
649 |a XX 
650 |a Estadísticas 
650 |a Democracia 
650 |a Cultura 
650 |a Participación de la comunidad 
650 |a Plan de desarrollo 
650 |a Plan nacional 
650 |a Evaluación del programa 
650 |a Ciudadanía 
650 |a Programa 
650 |a Derechos cívicos 
650 |a Papel del ciudadano 
650 |a México 
910 |a Fondo Centro de Estudios Educativos 
920 |a Impresos - Libros 
930 |a Fondos Especiales 
905 |a 133 
901 |a ALE036698  |b IT2  |c CEE  |u 20250521 
901 |a ALE039375  |b IT2  |c CEE  |u 20250521 
902 |a https://opac.biblio.iteso.mx/vufind/Record/000493278